[Event "Radulescu Memorial"]
[Site "Calimanesti"]
[Date "1999.??.??"]
[Round "5"]
[White "Iordachescu, Viorel"]
[Black "Cioara, Andrei Nestor"]
[Result "1-0"]
[WhiteElo "2539"]
[BlackElo "2398"]
[Annotator "Tsesarsky,I"]
[PlyCount "91"]
[EventDate "1999.02.??"]
[EventType "tourn"]
[EventRounds "13"]
[EventCountry "ROU"]
[EventCategory "8"]
[SourceTitle "CBM 070"]
[Source "ChessBase"]
[SourceDate "1999.06.08"]
[SourceVersion "1"]
[SourceVersionDate "1999.06.08"]
[SourceQuality "1"]

1. c4 {[%mdl 8304]} e6 2. Nc3 d5 3. d4 Nf6 4. Bg5 Be7 5. e3 O-O 6. Rc1 Nbd7 7.
Nf3 h6 8. Bh4 Re8 9. Bg3 (9. a3 a6 (9... c6 10. Bd3 a6 11. O-O (11. c5 $5)
11... dxc4 12. Bxc4 b5 13. Ba2 c5 $11 {1/2-1/2 Georgiev,K-Eingorn,V/Calcutta
1992 (41)}) 10. cxd5 exd5 11. Be2 (11. Bd3 c6 12. O-O Ne4 13. Bxe7 Qxe7 14. b4
$14 (14. Bxe4 dxe4 15. Nd2 Nf6 $11 {0-1 Podolski,H-Gabrys,Z/Wroclaw POL ch
1960 (42)})) 11... c6 12. O-O Nf8 13. Ne5 N6d7 14. Bxe7 Qxe7 15. Nxd7 Bxd7 16.
Na4 Rad8 17. Bd3 Ne6 18. Qc2 $14 (18. Qf3 Bc8 $11 {1/2-1/2 Aseev,K-Eingorn,V/
USSR ch Leningrad 1988 (24)})) (9. Bd3 dxc4 (9... a6 10. c5 c6 11. O-O e5 12.
dxe5 Ng4 13. Bg3 Bxc5 14. e4 d4 15. Ne2 Ba7 16. e6 Rxe6 17. Nexd4 Re8 $132 {
1/2-1/2 Romanishin,O-Lau,R/Polanica Zdroj 1991 (37)}) (9... c6 10. O-O a6 11.
a4 a5 $132 (11... dxc4 12. Bxc4 Nd5 13. Bg3 Nxc3 14. bxc3 Qa5 15. Nd2 b5 16.
Be2 e5 17. Bf3 Bb7 18. Qc2 Bf8 19. Ra1 Qb6 20. Rfb1 $14 {1-0 Bischoff,K-Proehl,
H/GER-ch 1994 (48)})) 10. Bxc4 a6 (10... c5 11. O-O cxd4 12. Nxd4 Nb6 13. Bb3
Nbd5 (13... Bd7 14. Qf3 $14) 14. Nxd5 Nxd5 15. Bxe7 Nxe7 (15... Rxe7 16. e4 Nf6
17. Nc6 $3 $18 {1-0 Lopez,C-Diaz,H/Guiines CUB 1998 (19)}) 16. Qh5 $14) (10...
c6 11. O-O Qa5 12. Bg3 Bb4 13. Qc2 Qh5 14. a3 Bf8 15. Ne2 Nd5 16. e4 $14 {
1/2-1/2 Micheel,A-Bade,H/BLW 1993 (47)}) (10... Nb6 11. Bb3 Bd7 12. O-O Bc6 13.
Ne5 Bd5 14. Nxd5 Nbxd5 (14... exd5 $14) 15. Qf3 c6 16. Rfd1 $14 {1-0 Guimaraes,
J-Neves,J/POR-chT 1993 (41)}) 11. a4 (11. O-O b5 12. Be2 Bb7 13. Qc2 Rc8 14. a3
c5 15. dxc5 Nxc5 16. Rfd1 Qb6 $11 {1/2-1/2 Mohr,P-Mueller,M/RLPF-op Hauenstein
1991 (43)}) 11... c5 (11... Nb6 12. Bd3 c5 13. dxc5 Bxc5 14. O-O Be7 15. Qe2
Bd7 16. Rfd1 Nbd5 17. Bxf6 Bxf6 18. Nxd5 exd5 19. b3 Qb6 $11 {1/2-1/2 El Kreni,
N-Allaham,M/Thessaloniki olm 1984 (25)}) 12. O-O cxd4 13. Nxd4 (13. exd4 Nb6
14. Ba2 (14. Bb3 Bd7 15. a5 (15. Ne5 Bc6 16. a5 (16. Re1 $5) 16... Nbd5 17.
Nxd5 Nxd5 18. Bxe7 Nxe7 19. Rc5 Qd6 20. Re1 Bd5 21. Bxd5 Nxd5 22. Qf3 Re7 23.
Rec1 $11 {1/2-1/2 Schmidt,W-Stempin,P/POL-ch Slupsk 1989 (25)}) 15... Nbd5 16.
Bxd5 exd5 17. Bxf6 Bxf6 18. Nxd5 $14 Bb5 $6 (18... Bc6 $1 19. Nxf6+ Qxf6 20.
Ne5 Rad8 21. Re1 Bd5 22. b4 $14) 19. Nc7 $1 $16 (19. Nxf6+ Qxf6 20. Re1 Rxe1+
21. Qxe1 Re8 22. Qc3 Bc6 23. Ne5 Bd5 $14) 19... Bxf1 20. Qxf1 (20. Kxf1 $2 Qd7
21. Nxa8 Rxa8 $44) 20... Bg5 21. Rc4 (21. Nxg5 Qxg5 22. Nxa8 Rxa8 23. Qe1 $16)
21... Bf4 (21... Qe7 22. Nxa8 Rxa8 23. Nxg5 Qxg5 24. Qe1 $16) 22. Nxa8 Qxa8 23.
Qd3 (23. g3 b5 $1 24. Rc3 Bd6 $44) 23... Qd8 24. g3 (24. d5 Bd6 25. b4 Qf6 26.
g3 Qb2 27. Qf5 Qe2 28. Rd4 Re7 29. Kg2 $16) 24... Bb8 25. b4 Qd5 26. Rc5 Qa2
27. Qf5 Bd6 28. Rc8 $2 $11 (28. Qd7 Qe6 29. Qxe6 Rxe6 30. Rc4 Re2 31. Kg2 Rb2
32. Ne5 Rxb4 33. Rc8+ Kh7 34. Nc4 Be7 35. d5 Bf6 36. d6 Rb3 37. d7 Rd3 38. Nb6
$16) 28... Rf8 29. Rxf8+ (29. d5 Bxb4 30. Rc7 Bd6 31. Rxb7 Bc5 32. Ne1 Qe2 33.
Rb1 Qa2 $11) 29... Bxf8 30. Qe4 (30. Qc8 Qb1+ 31. Kg2 Qxb4 $11) 30... Bxb4 31.
Qxb7 (31. Qe8+ Kh7 32. Qe4+ Kg8 $11) 31... Bxa5 $2 $16 (31... Qxa5 32. Ne5 f6
33. Nc6 (33. Qf7+ Kh7 34. Qg6+ Kg8 $11) 33... Qa1+ 34. Kg2 Bd6 35. Qc8+ Kh7 36.
Qf5+ Kh8 37. Qe6 Qa3 38. h4 Bf8 $11) 32. d5 $2 $11 (32. Qc8+ Kh7 33. Qxa6 Qd5
34. Ne5 Bc7 35. Qc6 Qxc6 36. Nxc6 Kg6 37. Ne7+ Kh5 38. Kg2 $16) (32. Qxa6 Qd5
33. Ne5 Bd8 34. Qc8 Kh7 35. Qf5+ (35. Qd7 Qxd7 36. Nxd7 Kg6 37. f3 Kf5 38. d5
Bc7 39. Kf2 h5 $14) 35... Kg8 36. Qd7 (36. h4 Bf6 37. Qc8+ Kh7 38. Nd7 Be7 39.
Nf8+ Bxf8 40. Qxf8 Qxd4 41. Qxf7 $14) 36... Qxd7 37. Nxd7 f6 38. Nc5 Bb6 39.
Kg2 Kf7 40. Kf3 Ke7 41. Ke4 Kd6 42. g4 $16) 32... Qa1+ 33. Kg2 Qf6 {1/2-1/2
Shchekachev,A-Eingorn,V/Metz 1998/CBM 65/[Tsesarsky] (33)}) 14... Bd7 15. Ne5 (
15. a5 Nbd5 16. Nxd5 Nxd5 17. Bxd5 exd5 18. Bxe7 Rxe7 19. Qd2 f6 20. h3 Bb5 21.
Rfe1 Rxe1+ 22. Nxe1 Qd6 {1/2-1/2 Lugovoi,A-Korneev,O/ch-RUS, St Petersburg RUS
1998 (22)}) 15... Bc6 16. Re1 Nbd5 17. Qe2 Nf4 18. Qe3 N6d5 19. Nxd5 Nxd5 20.
Nxf7 Kxf7 21. Qxe6+ Kf8 22. Qf5+ Bf6 23. Rxe8+ Kxe8 24. Qe6+ Qe7 25. Rxc6 Bxh4
26. Bxd5 Rd8 27. Qg6+ Kf8 28. Qf5+ Bf6 29. Re6 Qd7 30. Bb3 Qxd4 31. g3 Qd3 32.
Rxf6+ {1-0 Dautov,R-Stempin,P/Warsaw ,EXT 1989 (32)}) 13... Ne5 14. Be2 Bd7 15.
Qb3 Qa5 16. Bg3 Ra7 17. Rfd1 Nc6 18. Nf3 (18. e4 $5 Rd8 $11) 18... Qb4 $11 {
1/2-1/2 Kasimdzhanov,R-Atalik,S/Elista RUS 1998 (24)}) (9. Qc2 $132 {1/2-1/2
Lukacs,P-Varga,Z/Budapest FS06 GM 1993 (14)}) (9. cxd5 Nxd5 10. Nxd5 exd5 11.
Bxe7 Rxe7 12. Bd3 Nf6 13. Ne5 Qd6 $11 {Cherepkov,A-Kholmov,R/USSR 1968/1/2-1/2
(46)}) 9... c6 10. a3 (10. Bd3 dxc4 11. Bxc4 b6 12. O-O Bb7 13. e4 Nh5 14. Rc2
Nxg3 15. fxg3 Nf6 16. e5 Nd5 17. Nxd5 exd5 18. Bb3 Rc8 $11 {1-0 Kluss,K-Krause/
Wuerzburg op 1987/EXT 87op (27)}) 10... Nh5 (10... a6 $5 11. Bd3 $140 (11. c5
Nh5 $11) 11... dxc4 12. Bxc4 b5 13. Ba2 c5 14. O-O Bb7 $11) 11. cxd5 Nxg3 (
11... exd5 $2 12. Nxd5 $1 Nxg3 (12... cxd5 13. Bc7 Bb4+ 14. axb4 Qe7 15. Qb3
$16) (12... Qa5+ 13. Nc3 $16) 13. Nxe7+ $16) (11... cxd5 $2 12. Nxd5 $1 $16)
12. hxg3 exd5 $132 (12... cxd5 13. Nb5 Rb8 14. Bd3 a6 15. Nc3 (15. Nc7 Rf8 16.
Qc2 b5 $15) 15... b6 $14) 13. Bd3 (13. g4 Bf6 14. Bd3 Nb6 $15 {[%csl Rg4]})
13... Bd6 $6 (13... Nf6 14. Ne5 Bd6 15. f4 a6 {[%cal Gc6c5]} (15... c5 16. Nb5
b6 17. Nxd6 Qxd6 18. Qf3 Bb7 19. g4 cxd4 20. exd4 Rac8 21. Rd1 Ne4 22. g5 f6 (
22... hxg5 23. Qh5 $18) 23. gxf6 (23. gxh6 fxe5 24. dxe5 Qg6 25. Rh4 Re7 26.
hxg7 Rxg7 27. g4 $14) 23... Qxf6 (23... Nxf6 24. g4 Ne4 25. g5 $16) 24. g4 $14)
16. Na4 Qe7 $132) 14. g4 Nf6 $6 $14 (14... Be7 $5 {[%csl Rg5]}) 15. g5 Ng4 (
15... hxg5 16. Nxg5 $40) 16. gxh6 g6 $2 $16 (16... Nxh6 17. Qc2 $14) 17. Qd2 (
17. Qb3 Kh7 18. Ne4 f6 (18... Be7 19. Nc5 $16) 19. Nxd6 (19. Nh4 f5 20. Nxd6
Qxd6 21. Nf3 Qf6 $16) 19... Qxd6 20. Qc2 Rg8 21. Nh4 (21. Bxg6+ Rxg6 22. Nh4 f5
23. Nxg6 Qxg6 24. Rh4 Nxh6 25. Kd2 Kg7 26. Rch1 Nf7 27. Qc5 Qf6 (27... Qxg2 28.
Rh7+ Kg8 29. Qe7 $18) 28. Kc1 $16) 21... f5 22. Nf3 Qf6 23. Rh3 Nxh6 24. Ne5
Kg7 25. Ke2 Rh8 26. Rch1 Nf7 27. Rxh8 Nxh8 28. Qc5 $16) 17... f5 18. Kf1 $6 $14
(18. Be2 $1 Kh8 (18... Kh7 19. e4 $3 fxe4 (19... dxe4 20. Ng5+ Kg8 21. Bc4+ $18
) 20. Ng5+ Kg8 21. Ncxe4 $1 Be7 (21... dxe4 22. Bc4+ $18) 22. Rc3 Bf5 23. h7+
Kg7 24. Rch3 dxe4 25. h8=Q+ Rxh8 26. Rh7+ Rxh7 27. Rxh7+ Kg8 28. Bc4+ Kf8 29.
Rh8+ Kg7 30. Rxd8 Rxd8 31. Nf7 e3 32. fxe3 $16) 19. Ng1 $1 $16) 18... Qf6 19.
Ne2 (19. h7+ Kg7 20. g3 Rh8 21. Kg2 Rxh7 22. Rxh7+ Kxh7 23. Rh1+ Kg7 24. b4 $14
) 19... Bd7 (19... Re7 20. Nf4 Rh7 21. b4 $14) 20. Nf4 Re7 21. g3 Rae8 $5 (
21... Rh7 22. Kg2 Nxh6 $14) 22. Nh4 $5 g5 (22... Bxf4 23. gxf4 (23. exf4 $6
Nxh6 24. Nf3 Nf7 25. Ne5 Be6 26. Kg2 $14) 23... Nxh6 24. Nf3 Nf7 25. Rh3 $16)
23. Nh5 Qf7 (23... Qxh6 24. Nxf5 Bxf5 25. Bxf5 $18) 24. Nf3 (24. Ng7 $2 gxh4
25. Nxe8 Bxe8 26. Rxh4 Qg6 27. Qc2 Bd7 $132) 24... Qg6 25. Ng7 (25. Qa5 a6 26.
Ng7 Rc8 27. Qb6 Nxh6 28. Nh5 $14 (28. Rxh6 Qxh6 29. Nxf5 Qh3+ $19) (28. Qxb7
Kxg7 $17)) 25... Rd8 (25... Ra8 26. Kg2 Nxh6 27. Rxh6 Qxh6 28. Nxf5 Bxf5 29.
Bxf5 Qf6 30. g4 $44) 26. Kg2 Nxh6 27. Rxh6 Qxh6 28. Nxf5 Bxf5 29. Bxf5 Qf6 30.
g4 Kg7 31. Rh1 Rh8 32. Rxh8 Kxh8 33. Qa5 (33. b4 $44) 33... b6 (33... a6 34.
Qd8+ Kg7 35. b4 (35. Nxg5 Bc7 36. Ne6+ Qxe6 37. Qxc7 Qxe3 $1 38. Qd6 Qg5 39. b4
(39. f4 Qh4 40. Qg6+ Kf8 41. Qd6 Qe1 42. Qf6+ $11) 39... Qf6 40. Qf4 Re4 41.
Qc7+ Qe7 42. Qh2 Re1 43. Qh7+ Kf8 44. Qh8+ Kf7 45. Qh7+ Kf8 $11) 35... Rf7 36.
Qe8 Qe7 37. Qxe7 Bxe7 $44) 34. Qc3 Bc7 35. b4 Kg7 36. a4 Re8 (36... a6 37. b5
axb5 38. axb5 c5 39. Qa3 cxd4 40. Nxd4 Be5 41. Nc6 $14) 37. Bd7 $2 (37. b5 c5
38. Qc2 c4 $15) (37. Qc2 Rh8 38. b5 c5 39. dxc5 Qa1 40. Qb1 Qxb1 41. Bxb1 bxc5
42. Nxg5 Rh2+ 43. Kf3 Kf6 44. Nh7+ Kg7 45. Ng5 Kf6 $11) 37... Rf8 38. Bf5 Rh8 (
38... Re8 $11) 39. Ne5 Rh6 $4 $18 (39... Qh6 40. Kf3 (40. Qxc6 Qh1+ 41. Kg3
Bxe5+ (41... Rh3#)) 40... Bxe5 41. dxe5 Qh1+ 42. Ke2 Rh3 43. e6+ Kg8 44. Qxc6
Qf3+ 45. Kd3 Qd1+ 46. Kc3 Qc1+ 47. Bc2 Qa3+ 48. Bb3 Qc1+ $11 (48... d4+ 49. Kc4
Qc1+ 50. Kb5 Qxc6+ 51. Kxc6 Kf8 (51... dxe3 52. e7+ $18) 52. exd4 (52. Kd6 dxe3
53. e7+ Ke8 54. Be6 Rh6 55. fxe3 a5 56. b5 Rxe6+ 57. Kxe6 $11) 52... Ke7 (52...
Rxb3 53. Kd7 $18) 53. Bc4 Rc3 54. Kd5 Rc1 55. Bd3 $1 (55. Ba6 Re1 56. Bc8 a5
57. bxa5 bxa5 58. Bd7 Re2 59. f3 Re3 60. Kc5 Rc3+ 61. Kb5 Rxf3 62. d5 Kd6 63.
Kxa5 Rf4 64. Kb6 Rxg4 65. a5 Rb4+ 66. Bb5 g4 67. e7 (67. a6 g3 $19) 67... Re4
68. a6 Rxe7 69. a7 Rxa7 70. Kxa7 g3 71. Bf1 Kxd5 $11) 55... Re1 56. Be4 Kf6 (
56... Re2 57. f3 (57. Ke5 Rxf2 58. d5 Rd2) 57... Ra2 58. Ke5 Rxa4 (58... a5 59.
b5 Rd2 60. d5 $18) 59. d5 Rxb4 60. d6+ $18) 57. f3 $18)) 40. b5 $1 c5 (40...
Bd6 41. Qxc6 (41. bxc6 Bxe5 42. dxe5 Qxc6 43. Qb4 Qc5 44. Qd2 {[%csl Rg5][%cal
Ge3e4]} Kh8 45. e6 a5 46. Qb2+ Kg8 47. Qe5 Qc1 $11) 41... Bxe5 42. Qd7+ $6 (42.
Qb7+ $1 Kf8 (42... Qf7 43. Qxf7+ Kxf7 44. dxe5 Rh8 45. f4 Re8 46. Kf3 Re7 47.
Bd3 Ke6 (47... Rc7 48. fxg5 Rc3 49. g6+ Kg7 50. Ke2 (50. Bf5 d4 $11) 50... Rc7
51. e6 Kf6 52. Bf5 Rc4 53. e4 $1 dxe4 54. Ke3 Rxa4 (54... Rc3+ 55. Kxe4 Rc4+
56. Kd5 Rc5+ 57. Kd6 Rc4 58. Kd7 $18) 55. g5+ $18) (47... gxf4 48. exf4 $18)
48. Ke2 Rc7 49. Bf5+ Kf7 50. fxg5 $18) 43. Qa8+ Kg7 44. Qxa7+ Kg8 45. Qa8+ Kg7
46. Qb7+ Kh8 47. Qc8+ Kg7 48. Qd7+ Kf8 49. dxe5 Qxe5 50. Qd8+ Kf7 51. Qxg5 Qh2+
52. Kf3 $18) 42... Kf8 43. dxe5 Qxe5 44. Qxa7 Qh2+ 45. Kf3 Qd6 46. a5 bxa5 47.
Qxa5 $16) 41. Nd7 $1 Rh2+ (41... Qf7 42. dxc5+ Kg8 43. cxb6 Bxb6 44. a5 $18)
42. Kf1 Qh6 43. dxc5+ Kf7 44. cxb6 Bxb6 (44... Bg3 45. Ne5+ Bxe5 46. Qxe5 $18)
45. Ne5+ Ke7 46. Qb4+ 1-0

[Event "Petrov Memorial op"]
[Site "St Petersburg"]
[Date "2000.02.15"]
[Round "8"]
[White "Lastin, Alexander"]
[Black "Nikitin, Andrey"]
[Result "0-1"]
[WhiteElo "2510"]
[BlackElo "2400"]
[Annotator "Tsesarsky,I"]
[PlyCount "78"]
[EventDate "2000.02.05"]
[EventType "swiss"]
[EventRounds "9"]
[EventCountry "RUS"]
[SourceTitle "CBM 076"]
[Source "ChessBase"]
[SourceDate "2000.05.31"]
[SourceVersion "1"]
[SourceVersionDate "2000.05.31"]
[SourceQuality "1"]

1. Nf3 d5 2. d4 Nf6 3. c4 e6 4. Bg5 Be7 5. Nc3 O-O 6. Rc1 h6 7. Bh4 Nbd7 8. e3
dxc4 (8... c6 9. Bd3 dxc4 10. Bxc4 a6 11. a4 c5 12. O-O cxd4 13. exd4 Nb6 14.
Ba2 Nbd5 $1 (14... Bd7 15. a5 $1 $14) 15. Ne5 (15. Bxd5 Nxd5 (15... exd5 16.
Qb3 g5 (16... Be6 17. Qxb7 $16) 17. Bg3 Re8 18. Ne5 $14) 16. Nxd5 Bxh4 (16...
exd5 17. Bxe7 Qxe7 18. Re1 $14) 17. Nc7 Ra7 (17... Rb8 $132) 18. d5 b6 (18...
Bf6 19. dxe6 $14) 19. d6 (19. dxe6 Rxc7 20. Rxc7 Bxf2+ $1 21. Kh1 Qxc7 22.
exf7+ Qxf7 23. Rxf2 Bb7 $15) 19... Bf6 20. Rc6 $132) 15... Nb4 16. Bb1 Bd7 17.
Re1 (17. Qb3 {The queen here has nothing to do} a5 18. Rfe1 Kh8 $132 {1/2-1/2
Bronshtejn-Ubilava/Minsk 1983 (39)}) 17... Bc6 18. Qd2 Qa5 $132 {Like in this
game}) 9. Bxc4 c5 10. O-O a6 11. a4 cxd4 12. exd4 Nb6 13. Ba2 Bd7 (13... Nbd5
14. Nxd5 Nxd5 15. Bxe7 Qxe7 16. Bxd5 exd5 17. Qb3 Be6 {Position like this is
typical for this variation and White here has clear advantage.} 18. Rc5 Rac8
19. Rfc1 $14 {1-0 Rodriguez,O-Ardiansyah,H/Dubai olm 1986 (47)}) 14. Re1 (14.
Bb1 Bc6 15. Qd3 Re8 (15... g5 16. Nxg5 hxg5 17. Bxg5 Re8 18. Qg3 Kh8 $8 19.
Qh4+ Kg8 20. a5 Nbd7 21. Rfe1 $16 {[%cal Ge1e3,Ge3g3,Gd4d5]} (21. d5 exd5 22.
Rfe1 Ne4 $11)) 16. Bxf6 (16. Ne5 Nbd5 17. Nxd5 Bxd5 18. Bxf6 Bxf6 19. Ng4 (19.
Qh7+ Kf8 20. Rfe1 (20. Rc3 Rc8 21. Rg3 (21. Re3 $132) 21... Qd6 $132) (20. f4
Bc6 $17) 20... Rc8 $11) 19... Kf8 20. Nxf6 Qxf6 21. Qh7 Ke7 22. Qd3 Rec8 $11 {
1/2-1/2 Shneider,A-Levin,F/UKR-ch Kiev ,EXT 1986 (41)}) 16... Bxf6 17. Qh7+ Kf8
18. Be4 Nxa4 19. Bxc6 Nxc3 20. Rxc3 bxc6 21. Ne5 $14) (14. Ne5 Bc6 (14... Be8
15. Bb1 g6 16. Re1 Nfd5 17. Bxe7 Nxe7 18. Be4 (18. a5 Nbd5 19. Qd2 Kg7 20. Ne4
$14) 18... Rb8 19. b3 Nd7 20. Qf3 Nxe5 21. dxe5 Nc6 22. Qe3 Nxe5 23. Qxh6 $16 {
1-0 Burmakin,V-Kharitonov,A/Koszalin POL 1999 (64)}) 15. Re1 (15. Qd3 Nbd5 16.
Bb1 Nb4 17. Qd2 Qa5 $1 $132 (17... Nfd5 18. Bg3 Rc8 19. f4 f5 20. Rfe1 Bf6 21.
Nxd5 Nxd5 $14 (21... Qxd5 22. Rc5 Qb3 23. Re3 Qxa4 24. Ra3 b6 {1-0 Sokolov,
I-Bass/Sevilla Op 1987 (24)}))) 15... Nbd5 16. Bb3 $14) (14. a5 $1 {this move
seems very strong} {because} Nbd5 {here bring to White clear advantage after} (
14... Nc8 $6 15. Ne5 Na7 16. Bb1 Be8 (16... Nc6 17. Bxf6 Bxf6 18. Qd3 Re8 (
18... g6 19. Nxg6 $18) 19. Qh7+ Kf8 20. Rfe1 $16) 17. Qd3 g6 18. Rfe1 Rc8 (
18... Nc6 19. Qe3 Qxa5 20. Qxh6 Nxd4 21. Re3 $16) 19. Qe3 Nc6 20. Qxh6 Qxd4 21.
Ne4 Qxe5 (21... Nxe4 22. Rxe4 Qxb2 23. Rf1 $3 $18) 22. Nxf6+ Bxf6 23. Rxe5 $18
{1-0 Loginov,V-Feoktistov,A/Petrov mem, St Petersburg RUS 1998 (60)}) 15. Bxd5
Nxd5 16. Nxd5 exd5 17. Bxe7 Qxe7 18. Re1 $14 {And white can be pleased with
results of an opening}) 14... Bc6 15. Ne5 Nbd5 16. Bb1 Nb4 $1 $132 {[%csl Rc2,
Rd3] And white can't play Qd3!} 17. Qd2 {In the game I.Sokolov - Bass was same
position without Rf1-e1, but Black didn't play 17... Qa5} Qa5 $5 {Better than}
(17... a5 $6 18. Re3 $1 {[%csl Rg8][%cal Ge3h3]} (18. Qe3 Nbd5 19. Qg3 $14)
18... Rc8 19. Rg3 Kh8 $8 20. Re1 Be8 21. Rh3 Ng8 22. Bxe7 Qxe7 23. Qf4 $6 (23.
Ng4 $1 f5 (23... f6 24. Bf5 Bd7 25. d5 Rfd8 (25... e5 26. Nxh6 Nxh6 27. Rxh6+
gxh6 28. Qxh6+ Kg8 29. Re3 $18) 26. dxe6 $16) 24. Ne5 Qf6 25. Rhe3 $14) (23. d5
$6 Rd8) 23... Rd8 24. Rg3 Nc6 $11 {0-1 Petursson,M-Kortchnoi,V/Reykjavik World
Cup 1988 (46)}) 18. Re3 $2 $15 (18. Qe3 $1 Nbd5 (18... Rad8 19. Ng6 fxg6 20.
Qxe6+ Rf7 21. Bxg6 Rdf8 22. Re5 Qd8 23. Bxf7+ Rxf7 24. Rd1 $14) 19. Qd3 Nb4 20.
Qh3 $14 (20. Qe3 Nbd5 $11)) 18... Rfd8 19. Rd1 Rac8 20. Rg3 Kf8 $8 21. Ne2 (21.
Bg6 Be8 $1 $17 (21... fxg6 22. Nxg6+ Kf7 23. Nxe7 g5 (23... Kxe7 24. Rxg7+ $18)
24. Bxg5 hxg5 25. Nxc8 Rxc8 26. Na2 $1 $18)) 21... Be8 $1 {Black prefer to
play against isolated pawn.} (21... Bxa4 $2 22. Ra3 {[%cal Ga3a5]} Bxd1 $1 (
22... Qxe5 23. dxe5 Bxd1 24. Nd4 (24. Rd3 Nxd3 25. exf6 Bxf6 26. Bxf6 Bxe2 27.
Bxd8 Rc1+ 28. Qxc1 Nxc1 $19) 24... Rxd4 (24... Nc6 25. exf6 $18) 25. Qxd4 Rc1
26. h3 Nc6 (26... Nfd5 27. Rc3 Nxc3 28. Bxe7+ Kxe7 29. Qd6+ Ke8 30. Qb8+ Ke7
31. Qxb7+ Kd8 32. Qb8+ Kd7 33. Qd6+ Ke8 34. Qb8+ Kd7 35. bxc3 Nd5 36. Kh2 $16)
27. Qf4 Rxb1 28. exf6 Bc2+ 29. Kh2 Bxa3 30. fxg7+ Kxg7 31. bxa3 $16) 23. Rxa5
Bxe2 24. h3 {[%csl Re2][%cal Gg1h2]} Nbd5 (24... Bb5 25. Bxf6 $18 {[%csl Rb4,
Rh6][%cal Gd2b4,Gd2h6,Ge7f6,Gg7f6]}) (24... g5) 25. Bxf6 (25. Qxe2 Rc1+ 26. Kh2
Rxb1 27. Qc2 Re1 $44) 25... Bxf6 (25... Nxf6 26. Bg6 $1 Bh5 27. Bxh5 Nxh5 28.
Nxf7 Kxf7 29. Rxh5 Bf6 30. d5 $16) 26. Bg6 Bxe5 27. dxe5 Ne7 28. Qxe2 Nxg6 $44)
(21... g5 $2 22. Bxg5 hxg5 23. Qxg5 Ke8 24. Rh3 $16) 22. Ng4 $2 $17 (22. b3
$142 Nc6 $1 $15 {Forcing Queens change and stopping White Attack}) (22. Nf4
Qxe5 $1 $19) 22... Nxg4 $2 $132 (22... g5 $1 {[%cal Ga5g5]} 23. Nxf6 (23. Ne5
Bd6 $1 24. Bxg5 hxg5 25. Qxg5 Bxe5 $19) 23... Bxf6 24. Rf3 Bg7 25. Bg3 Qxa4 $17
) 23. Bxe7+ Kxe7 24. Rxg4 Nc6 25. Qe3 $6 $15 (25. Nc3 $5 Kf8 26. Qe2 Nb4 $132)
(25. Rxg7 $2 Qxd2 26. Rxd2 Nxd4 $19 {[%csl Rc1,Rg1]}) (25. Qxa5 Nxa5 26. Rxg7
Bxa4 27. Re1 $8 Bc2 28. Ba2 Nc6 $17 (28... Bg6 $6 29. Nf4 Kf6 30. Rxg6+ fxg6
31. Rxe6+ Kf7 (31... Kf5 32. Re5+ Kf6 (32... Kxf4 33. g3+ Kf3 34. Re3+ Kg4 35.
Be6+ Kg5 36. Bxc8 Rxc8 37. Re5+ Kf6 38. Rxa5 Rc4 $44) 33. Re6+ $11) 32. Rxg6+
Nc4 33. Rxh6 Rxd4 34. g3 $132)) 25... Kf8 26. Qg3 $6 (26. b3 $15) 26... Qe5 $2
$15 (26... Qxa4 27. Rf1 Nxd4 $1 $17) 27. Qf3 (27. Qd3 $1 {[%cal Gd3h7]} Qf6 28.
Re1 Nb4 29. Qh7 g5 30. b3 Qg7 31. Qxg7+ Kxg7 32. f4 f5 33. Rg3 Bh5 34. Re3 Kf7
$15) 27... f5 28. Rh4 $2 $17 {White pieces have bad interaction.} (28. Rf4 Qd6
(28... Qf6 29. Bxf5 $1 (29. d5 Qxb2 30. Nd4 Nxd4 31. Rfxd4 Rc1 32. Rxc1 Qxc1+
33. Rd1 Qc5 34. dxe6 Rxd1+ 35. Qxd1 Bxa4 36. Qd8+ Be8 $19) 29... g5 30. Bxe6
gxf4 31. Bxc8 Rxc8 32. Nxf4 Bf7 (32... Nxd4 33. Ng6+ Kg7 34. Qxb7+ Kxg6 35.
Qxc8 $18) 33. d5 Nd4 34. Qa3+ Kg8 35. g3 $44) 29. Rh4 Ne7 $15) 28... Qf6 29.
Rh3 $6 $19 (29. Qh3 Nxd4 30. Rhxd4 Rxd4 31. Nxd4 Qxd4 32. Qa3+ Kg8 33. Qb3 Qc4
34. Qxb7 Rd8 35. Qf3 Rxd1+ 36. Qxd1 Bxa4 $17) 29... Nxd4 30. Nxd4 Qxd4 $1 {
Weak first rank!} 31. Re1 (31. Qa3+ Qc5 32. Re1 Qxa3 33. Rxa3 Rd2 $19) 31...
Qd2 $2 $17 ({Why not take the pawn?} 31... Qxb2 $19) 32. Qa3+ Kf7 33. Qe3 Qd5
34. Rf3 Bxa4 35. h4 $2 $19 ({White miss the last possibility of resistance:} 
35. Be4 $5 {[%csl Rb7]} Qd6 (35... Qd7 36. Bxb7 $44) 36. Bxb7 Rb8 37. b3 Rxb7
38. bxa4 Rb2 39. Rf4 Qd5 40. Qa7+ Qb7 41. Qe3 $17) 35... Bc2 36. Bxc2 Rxc2 37.
h5 Rc4 38. Qb6 Rd6 39. Qb3 Rg4 0-1

[Event "Olympiad-23"]
[Site "Buenos Aires"]
[Date "1978.11.02"]
[Round "8"]
[White "Bronstein, Luis Marcos"]
[Black "Unzicker, Wolfgang"]
[Result "0-1"]
[WhiteElo "2400"]
[BlackElo "2525"]
[Annotator "Unzicker,W"]
[PlyCount "76"]
[EventDate "1978.10.25"]
[EventType "team-swiss"]
[EventRounds "14"]
[EventCountry "ARG"]
[SourceTitle "EXT 2000"]
[Source "ChessBase"]
[SourceDate "1999.11.16"]
[SourceVersion "1"]
[SourceVersionDate "1999.11.16"]
[SourceQuality "1"]
[WhiteTeam "Argentina"]
[BlackTeam "Germany"]
[WhiteTeamCountry "ARG"]
[BlackTeamCountry "GER"]

{Inf.26/580} 1. c4 Nf6 2. Nc3 e6 3. Nf3 d5 4. d4 Be7 5. Bg5 O-O 6. Rc1 h6 7.
Bh4 c6 8. e3 Nbd7 9. a4 (9. Bd3) 9... Ne4 10. Bxe7 Qxe7 11. cxd5 exd5 12. Nxe4
$2 (12. Bd3 $142 $11) 12... dxe4 13. Nd2 c5 $1 $15 14. dxc5 Nxc5 15. b4 (15.
Qc2 b6 16. Be2 Bd7 17. a5 Rac8 $15) 15... Nd3+ 16. Bxd3 exd3 17. Rb1 Bf5 (17...
Be6) 18. O-O Rfd8 $17 19. e4 Be6 20. f4 f6 21. Qf3 Rd4 22. a5 Rad8 23. Qe3 $1
b6 24. axb6 axb6 25. b5 Bf7 26. h3 R4d6 27. Rfe1 (27. Rfc1 $142) 27... Qd7 28.
Kh2 Rc8 {[/\ Rc5]} 29. e5 fxe5 30. fxe5 Rg6 31. Rbc1 Rxc1 32. Rxc1 Qxb5 33.
Rc8+ Kh7 34. Qf4 Qd7 35. Rf8 Bd5 36. g4 Qe7 $1 37. Rb8 Rg5 $19 38. Rxb6 Rxe5
0-1